| 000 | 00688cam a2200205 4500 | ||
|---|---|---|---|
| 001 | WB3722-22 | ||
| 008 | 000000n2001 000 0 eng u | ||
| 035 | _a(Sirsi) u112974 | ||
| 245 | _aFoot and mouth disease: rumours of a mass cull | ||
| 260 | _c2001 | ||
| 490 |
_aMAFF News Release _v(211/01) 4 June 2001, (1) |
||
| 520 | _aCounters rumours of a mass cull of animals. Restates the present policy of slaughter of infected animals within 24 hours and on neighbouring holdings within 48 hours. | ||
| 590 | _aWB | ||
| 650 | _aFOOT-AND-MOUTH DISEASE | ||
| 650 | _aSLAUGHTER SCHEME | ||
| 650 | _aMAFF | ||
| 650 | _aCULL | ||
| 690 | _aRURAL-AGRICULTURE AND FORESTRY | ||
| 942 | _n0 | ||
| 999 |
_c67256 _d67256 |
||